Представление документа в формате RUSMARC

ПолеНазваниеЗначение
  Тип записи a
  Библиографический уровень m
001 Контрольный номер RU/IS/BASE/544552925
005 Дата корректировки 20201206205043.1
010 Индекс ISBN __
a ISBN 978-5-91359-171-5 (в обл.)
d Цена 559-90
100 Данные общей обработки __
a Данные общей обработки 19170403d2016||||||| 0rusy0189 ca
101 Язык документа 0_
a Язык текста rus
102 Страна публикации __
a Страна публикации ru|
105 Кодированные данные (монография) __
a Кодированные данные (монография) a|||#|||000zy
200 Заглавие и сведения об ответственности 1_
a Заглавие Полезное программирование
e Сведения, относящиеся к заглавию [уникальное руководство к действию]
f Первые сведения об ответственности Комлев Н. Ю.
b Общее обозначение материала Текст
210 Выходные данные __
a Место издания Москва
c Издательство СОЛОН-Пресс
d Дата издания 2016
215 Физическое описание __
a Объем 255 с.
c Иллюстрации/тип воспроизводства ил.
d Формат 22 см
225 Серия __
a Серия Библиотека профессионала
300 Общие примечания __
a Общие примечания 200 экз.
330 Аннотация __
a Аннотация Уникальное руководство к действию, опыт и практика, сконцентрированные на двух сотнях страниц. Книга для тех, кто умеет программировать и уже готов этим зарабатывать. Курс молодого, но профессионального программиста. Практические советы. Что пригодится вам из пройденного и сданного. Что вы будете программировать сначала, а что позже, когда наберётесь опыта. К чему ещё можно применить ваш программистский талант, чтобы руководство одобрило и поощрило. Кратко, доступно, убедительно.
606 Тематические рубрики __
a Основная рубрика Вычислительная техника
606 Тематические рубрики __
a Основная рубрика Программирование ЭВМ. Компьютерные программы. Программотехника
610 Ключевые слова __
a Ключевые слова графики
a Ключевые слова компьютерные программы
a Ключевые слова объектно-ориентированное программирование
a Ключевые слова программирование
a Ключевые слова создание компьютерных программ
a Ключевые слова техника программирования
686 Индексы других классификаций __
2 Код системы rubbks
a Классификационный индекс 32.973
700 Автор _1
a Фамилия Комлев
b Имя Н. Ю.
g Полное личное имя Николай Юрьевич
4 Код отношения 070
801 Источник записи _0
a Страна ru
b Организация Муниципальное бюджетное учреждение культуры "Централизованная библиотечная система" г. Сургут (Центральная городская библиотека им. А. С. Пушкина)
c Дата составления 20170403
g Правила каталогизации КиК/Лукашук
801 Источник записи _1
a Страна ru
b Организация Муниципальное бюджетное учреждение культуры "Централизованная библиотечная система" г. Сургут (Центральная городская библиотека им. А. С. Пушкина)
c Дата составления 20170403
g Правила каталогизации КиК/Лукашук
852 Данные о местонахождении __
j Шифр хранения 32.973
i Авторский знак К 63
901 Тип документа __
t Тип документа m
903 Характеристики (МАРС) __
a Дата передачи 20170403
990 Данные о заказе (DOS) __
j Количество экземпляров (DOS) 2
t N записи в КСУ для И/У (DOS) 201704